| 000 | 01050nam a22003137a 4500 | ||
|---|---|---|---|
| 003 | CHAP | ||
| 005 | 20220329135455.0 | ||
| 008 | 971013s1985 r 00010 d | ||
| 010 | _a37120 | ||
| 011 | _a38092 | ||
| 035 | _a42212 | ||
| 040 | _cCHAP | ||
| 090 | _aTesis | ||
| 100 | 0 | 0 |
_aOrtuño Balderrama, Víctor Eduardo. _984148 |
| 245 | _aRecolección y refrigeración de semen porcino con tre diluyentes | ||
| 260 |
_aMonterre, N. L. : _bEl autor, _c1985 |
||
| 300 |
_a56 h. _b; gráfs. |
||
| 502 | _aTesis (Ing. Agr. Esp. en Zootecnia) -- ITESM. División de Ciencias Agropecuarias y Marítimas | ||
| 590 |
_aALEPH _b10 _c20130110 _lUCH01 _h1302 |
||
| 590 |
_aBATCH-UPD _b10 _c20130110 _lUCH01 _h2039 |
||
| 590 |
_aBATCH-UPD _b10 _c20130410 _lUCH01 _h1354 |
||
| 590 |
_aBATCH-UPD _b10 _c20130914 _lUCH01 _h2008 |
||
| 590 |
_aCONVERSION _b10 _c20130109 _lUCH01 _h1321 |
||
| 650 | 1 | 4 |
_aSemen _xGanado porcino. _9103864 |
| 650 | 1 | 4 |
_aSemen _xPreservación. _9103866 |
| 901 | _aBK | ||
| 942 | _cTESIS | ||
| 949 |
_bBC _cTES _d-97242 _eTS1 _h17641 _i42212 _si |
||
| 999 |
_c37120 _d37120 |
||